=LDR 00000nam 2200000 4500 =001 NUTBA000000000003748 =005 20140826114456.0 =006 =007 =008 =020 ##$$a 978-602-986-703-9 =035 ##$$a 0010-081400000000593 =040 ##$$a NBPDMAT =082 ##$$a 372.7 =084 ##$$a 372.7 Mad p =090 ##$$a 372.7 Mad p =100 ##$$a Madi Mouse =245 ##$$a Pola,Barisan dan Deret / $c Janu Ismadi; penyunting, Lady Septiyanti =250 ##$$a Cet. 2 =260 ##$$a Banten : $b Talenta, $c 2012 =300 ##$$a iv, 52 hlm. : $b ilus. ; $c 24 cm. =500 ##$$a Bibilografi : hlm. 52 =650 ##$$a Matematika-SD =700 ##$$a Lady Septiyanti =990 ##$$a 21405142